000 00650nam a2200193 i 4500
001 22293
003 ES-MaACL
005 20240127062957.0
007 t|
008 021202s1973 sp f |||| | spa d
100 0 _aDante Alighieri,
_d1265-1321
_942657
245 1 3 _aLa divina comedia /
_cDante Alighieri ; con las ilustraciones de Gustavo Doré ; prólogo de Juan Eugenio Hartzenbusch.
260 _aMadrid :
_bJ. Pérez del Hoyo,
_c[1973]
300 _a557 p. :
_bil. ;
_c24 cm.
700 1 _aDoré, Gustave.
_945388
700 1 _aHartzenbusch, Juan Eugenio,
_d1806-1880
_962011
852 _aES-MaACL
_jL-677
999 _c22293
_d22293